Loading...
| Science - Chemistry | 0 | 9 | 2 | 1 | 80 | 47 | 86.89 | 1 | 7 | 18.14 | 47.04 |
| History - European | 0 | 6 | 3 | 0 | 45 | 78 | 100.67 | 2 | 3 | 9.52 | 31.73 |
| Geography/Current Events | 0 | 3 | 0 | 0 | 30 | 93 | 103.00 | 0 | 0 | 6.45 | 21.88 |
| Science - Other | 0 | 3 | 0 | 1 | 30 | 93 | 106.67 | 0 | 1 | 3.41 | 9.75 |
| Fine Arts - Visual | 0 | 3 | 1 | 0 | 25 | 122 | 126.00 | 0 | 2 | 1.78 | 11.54 |
| Religion | 0 | 3 | 1 | 1 | 25 | 106 | 113.67 | 0 | 1 | 1.79 | 15.38 |
| History - American | 0 | 3 | 1 | 1 | 25 | 48 | 90.67 | 1 | 1 | 6.42 | 11.36 |
| History - Other | 0 | 3 | 1 | 0 | 25 | 29 | 53.33 | 3 | 3 | 12.98 | 23.08 |
| Social Science | 0 | 2 | 0 | 2 | 20 | 115 | 115.00 | 0 | 0 | 0.00 | 8.65 |
| History - World | 0 | 3 | 2 | 0 | 20 | 69 | 80.33 | 0 | 2 | 9.26 | 16.35 |
| Mythology | 0 | 2 | 1 | 2 | 15 | 146 | 147.00 | 0 | 0 | 0.00 | 1.92 |
| Fine Arts - Classical Music | 0 | 1 | 0 | 0 | 10 | 37 | 37.00 | 1 | 1 | 5.32 | 7.69 |
| Fine Arts - Other | 0 | 1 | 0 | 0 | 10 | 134 | 134.00 | 0 | 0 | 0.00 | 1.71 |
| Literature - World/Other | 0 | 1 | 0 | 0 | 10 | 75 | 75.00 | 1 | 1 | 3.79 | 7.69 |
| Science - Biology | 0 | 1 | 0 | 0 | 10 | 104 | 104.00 | 0 | 0 | 1.19 | 3.85 |
| Science - Physics | 0 | 1 | 2 | 0 | 0 | 47 | 47.00 | 1 | 1 | 4.70 | 7.69 |
| Literature - European | 0 | 0 | 1 | 0 | -5 | 0.00 | 0 | 0 | 0.00 | 0.00 | |
| Literature - American | 0 | 0 | 1 | 0 | -5 | 0.00 | 0 | 0 | 0.00 | 0.00 |